| 000 | 00930cab a2200217 4500 | ||
|---|---|---|---|
| 001 | ##L134948 | ||
| 008 | 060912n2006 000 0 eng u | ||
| 035 | _a(Sirsi) u134948 | ||
| 041 | 0 | _aeng | |
| 100 | 1 | _aSpring, Martin | |
| 245 | 0 | 0 |
_aSpecifier _boff-site housing |
| 260 | _c2006 | ||
| 490 | 0 |
_aBuilding _v271(8446) 8 September 2006, 80-88(9) |
|
| 520 | _aGuide to off-site housing, featuring Lovell's sustainable panellised housing project, The Way, in Beswick, east Manchester. Other articles look at innovative flooring systems, insulation systems and environmentally friendly timber homes, the implications of the Design for Manufacture competition for specifiers, and the concrete manufacturer H+H Celcon. | ||
| 590 | _aIKA190906 | ||
| 650 | 2 | 4 | _aDCLG DESIGN FOR MANUFACTURE COMPETITION |
| 651 | 4 |
_aUnited Kingdom _y |
|
| 690 | _aBUILT ENVIRONMENT-BUILDING ELEMENTS | ||
| 700 | 1 | _aCaplehorn, Peter | |
| 942 | _n0 | ||
| 999 |
_c77724 _d77724 |
||